Best boat race ever! / (Record no. 6996)

MARC details
000 -LEADER
fixed length control field 01170cam a22003497a 4500
001 - CONTROL NUMBER
control field 6996
003 - CONTROL NUMBER IDENTIFIER
control field FISKH
005 - DATE AND TIME OF LATEST TRANSACTION
control field 20250820085715.0
008 - FIXED-LENGTH DATA ELEMENTS--GENERAL INFORMATION
fixed length control field 120403s2013 flua b 000 1 eng d
010 ## - LIBRARY OF CONGRESS CONTROL NUMBER
LC control number 2012936785
020 ## - INTERNATIONAL STANDARD BOOK NUMBER
International Standard Book Number 9781618101846
020 ## - INTERNATIONAL STANDARD BOOK NUMBER
International Standard Book Number 1618101846
020 ## - INTERNATIONAL STANDARD BOOK NUMBER
International Standard Book Number 9781618103178 (soft)
020 ## - INTERNATIONAL STANDARD BOOK NUMBER
International Standard Book Number 1618103172 (soft)
040 ## - CATALOGING SOURCE
Original cataloging agency BTCTA
Language of cataloging eng
Transcribing agency BTCTA
Modifying agency DLC
050 ## - LIBRARY OF CONGRESS CALL NUMBER
Classification number PZ7.P55295 P536
082 ## - DEWEY DECIMAL CLASSIFICATION NUMBER
Classification number 823
100 1# - MAIN ENTRY--PERSONAL NAME
Personal name Picou, Lin.
245 10 - TITLE STATEMENT
Title Best boat race ever! /
Statement of responsibility, etc. by Lin Picou ; illustrated by John Reasoner.
260 ## - PUBLICATION, DISTRIBUTION, ETC.
Place of publication, distribution, etc. Vero Beach :
Name of publisher, distributor, etc. Rourke Educational Media,
Date of publication, distribution, etc. 2013.
300 ## - PHYSICAL DESCRIPTION
Extent 24 pages :
Other physical details color illustrations ;
Dimensions 21 cm
490 0# - SERIES STATEMENT
Series statement Little birdie books
505 ## - FORMATTED CONTENTS NOTE
Formatted contents note F<br/>
520 ## - SUMMARY, ETC.
Summary, etc. A boat race turns into a lesson in helping others when Carly's boat begins to sink and Jose's boat flips over. The two decided helping each other was more important than winning the race.
521 8# - TARGET AUDIENCE NOTE
Target audience note 300<br/>
Source Lexile estimate<br/>
521 8# - TARGET AUDIENCE NOTE
Target audience note F<br/>
Source Raz-Plus<br/>
650 #1 - SUBJECT ADDED ENTRY--TOPICAL TERM
Topical term or geographic name entry element Racing
Form subdivision Fiction.
700 1# - ADDED ENTRY--PERSONAL NAME
Personal name Reasoner, John,
Relator term illustrator
906 ## - LOCAL DATA ELEMENT F, LDF (RLIN)
a 7
b cbc
c copycat
d 4
e epcn
f 20
g y-gencatlg
942 ## - ADDED ENTRY ELEMENTS (KOHA)
Source of classification or shelving scheme Dewey Decimal Classification
Koha item type Books
Suppress in OPAC No
Holdings
Withdrawn status Lost status Source of classification or shelving scheme Damaged status Not for loan Collection Home library Current library Shelving location Date acquired Total Checkouts Full call number Barcode Date last seen Copy number Price effective from Koha item type
    Dewey Decimal Classification     Juvenile Fiction Footprints International School Library Network Toul Kork Campus Footprints International School Library Network Toul Kork Campus TK Primary Library Room(4th Floor), Bookcase 7, Shelves 57-60, Dark Green Books 06/17/2025   PIC 823 PZ7.P55295 P536 FISTK00960 06/17/2025 1 06/17/2025 Books
    Dewey Decimal Classification     Juvenile Fiction Footprints International School Library Network Toul Tom Poung Campus Footprints International School Library Network Toul Tom Poung Campus TTP Primary Green Bookshelves 08/20/2025   PIC 823 PZ7.P55295 P536 FIS03042 08/20/2025 2 08/20/2025 Books